00277nam a2200121Ia 45000030006000000080041000060400015000471000018000622450018000802600028000985460012001260050017001380STCL150530s9999 xx 000 0 und d aSTCLcSTCL aAldous Huxley aBrief candles bChatto and Windusc1934 aEnglish20220125170650.0